| 000 | 00000nam 2200000za 4500 |
| 001 | 9.696504 |
| 003 | CaOODSP |
| 005 | 20210624235050 |
| 007 | cr ||||||||||| |
| 008 | 150407s2000||||xxc|||||o f|0| 0 eng d |
| 040 | |aCaOODSP|beng |
| 043 | |an-cn--- |
| 086 | 1 |aP4-49/2-2000E-PDF |
| 110 | 1 |aCanada. |bPublic Works and Government Services Canada. |
| 245 | 10|aKeno Valley/Dublin Gulch environmental baseline assessment. Volume II, : |h[electronic resource]|bKeno Valley sites #1 to #20 / |cprepared by Environmental Services, Public Works and Government Services Canada. |
| 260 | |aOttawa - Ontario : |bPublic Works and Government Services Canada |cMarch 2000. |
| 300 | |a368p.|bfigs., maps, references, tables, photographs |
| 500 | |a"Prepared for Waste Management Program, Indian and Northern Affairs Canada". |
| 580 | |aPreceeded by: Keno Valley/Dublin Gulch environmental baseline assessment. Volume 1. |
| 590 | |a12-34-Supp|b2012-07-31 |
| 787 | 0 |tKeno Valley/Dublin Gulch environmental baseline assessment. Volume 1|w9.696489 |
| 856 | 40|ahttp://publications.gc.ca|qPDF|s29272 KB|uhttps://publications.gc.ca/collections/collection_2012/tpsgc-pwgsc/P4-49-2-2000-eng.pdf |